Korespondence 1943-1948 /
Uložené v:
| Hlavní autori: | , |
|---|---|
| Médium: | Kniha |
| Jazyk: | Czech |
| Vydané: |
Praha :
Aula,
2000
|
| Vydanie: | 1. vyd. |
| Edícia: | Fontes
sv. 3 |
| Témy: | |
| ISBN: |
8090266789 (brož.) |
| Fyzický popis: |
416 s. : obr. ; 19 cm |
| Tagy: |
Pridať tag
Žiadne tagy, Buďte prvý kto otaguje tento záznam!
|
Titul je dostupný aj v ... 

MARC
| LEADER | 00000nam a2200000 a 4500 | ||
|---|---|---|---|
| 001 | 000000713 | ||
| 005 | 20050321103259.0 | ||
| 008 | 040322s2000 xr a e 001 0 czeo | ||
| 020 | |a 8090266789 (brož.) | ||
| 040 | |a SVKKK |b slo |c SVKKK |e AACR2 | ||
| 041 | 0 | |a cze | |
| 044 | |a xr |c CZ | ||
| 072 | 7 | |a 821.162.3 |x Česká literatúra |2 konspekt | |
| 080 | |a 821.162.3-051 |2 1997 | ||
| 080 | |a 821.162.3-6 |2 1997 | ||
| 080 | |a (044) |2 1997 | ||
| 100 | 1 | |a Čep, Jan, |d 1902-1974 |4 aut | |
| 245 | 1 | 0 | |a Korespondence 1943-1948 / |c Jan Čep, Jan Zahradníček |
| 250 | |a 1. vyd. | ||
| 260 | |a Praha : |b Aula, |c 2000 | ||
| 300 | |a 416 s. : |b obr. ; |c 19 cm | ||
| 366 | |e 800 výtl. | ||
| 440 | 0 | |a Fontes |v sv. 3 | |
| 504 | |a Obsahuje menný register | ||
| 600 | 1 | 7 | |a Čep, Jan, |d 1902-1974 |2 SVKKKMA |
| 600 | 1 | 7 | |a Zahradníček, Jan, |d 1905-1960 |2 SVKKKMA |
| 655 | 7 | |a korešpondencia |2 SVKKKPH | |
| 655 | 7 | |a umelecká literatúra |2 SVKKKPH | |
| 700 | 1 | |a Zahradníček, Jan, |d 1905-1960 |4 aut | |
| 919 | |a 80-902667-8-9 | ||
| 998 | |a BK | ||
| 090 | |g SCKHL |k Sklad Hlavná 10 prízemie |a I.72815 |j 960152 |i 2720021708 |s Absenčne | ||